00526nam a22001697a 450000500170000001000130001702000180003003500130004803700100006108200080007110000170007924500990009626000370019527000490023230000250028150000500030620210611150053.0 aB-740216 a9781439101186 aB-740216 bGift  a109 aDurant, Will aThe story of philosophy:bthe lives and opinions of the greater philosophers /cby Will Durant aNew YorkbSimon & Schusterc2009 a1230 Avenue of the AmericasbNew Yorke10020 axvi, 412p.c21cm(Hb) aincludes bibliographical references and index